Eurovision 2026 Countries on a Map - Statistics

General Stats
  • This quiz has been taken 208 times
    157 since last reset
  • The average score is 33 of 35
Answers on the Map
Answers color-coded by a green-red scale on the quiz's map according to % correct below.
 
Answer Stats
Answer % Correct
United Kingdom
99%
Ukraine
97%
Albania
96%
Germany
96%
Italy
96%
Norway
96%
Australia
95%
Austria
95%
Bulgaria
95%
Finland
95%
France
95%
Greece
95%
Latvia
95%
Lithuania
95%
Portugal
95%
Sweden
95%
Belgium
94%
Estonia
94%
Switzerland
94%
Croatia
93%
Denmark
93%
Moldova
92%
Romania
92%
Serbia
92%
Czechia
91%
Luxembourg
91%
Malta
91%
Montenegro
91%
Poland
91%
Armenia
90%
Cyprus
90%
Azerbaijan
87%
Israel
86%
Georgia
85%
San Marino
85%
No matching quizzes found
Score Distribution
Percent of People with Each Score
Percentile by Number Answered
Your Score History
You have not taken this quiz since the last reset